[Event "IECC M email"]
[Site "IECC email"]
[Date "2002.02.09"]
[Round "?"]
[White "Lawrence, Mark"]
[Black "Salov, Andrey"]
[Result "0-1"]
[WhiteElo "1300"]
[BlackElo "1266"]
[PlyCount "30"]
[EventDate "2002.??.??"]
[EventType "tourn (corr)"]
[EventRounds "6"]
[SourceTitle "Corr 2008"]
[Source "ChessBase"]
[SourceDate "2008.06.24"]
[SourceVersion "1"]
[SourceVersionDate "2008.06.24"]
[SourceQuality "1"]

1. c4 d5 2. cxd5 e6 3. Qa4+ Bd7 4. Qb3 exd5 5. Qxd5 Nc6 6. Nf3 Nf6 7. Qb3 Bc5 8. e3 Qe7 9. d4 Bxd4 10. Nxd4 Nxd4 11. Qd3 0-0-0 12. Qxd4 Bg4 13. Qxd8+ Rxd8 14. Nc3 Ne4 15. Be2 Bxe2 0-1

[Event "IECC CL7-2001.29"]
[Site "IECC email"]
[Date "2001.12.20"]
[Round "?"]
[White "Matutis, Rolandas"]
[Black "Salov, Andrey"]
[Result "0-1"]
[WhiteElo "1046"]
[BlackElo "1162"]
[PlyCount "30"]
[EventDate "2001.??.??"]
[EventType "tourn (corr)"]
[EventRounds "4"]
[SourceTitle "Corr 2008"]
[Source "ChessBase"]
[SourceDate "2008.06.24"]
[SourceVersion "1"]
[SourceVersionDate "2008.06.24"]
[SourceQuality "1"]

1. e4 e5 2. Nf3 Nc6 3. Bb5 a6 4. Bxc6 dxc6 5. Nxe5 Qd4 6. Ng4 Qxe4+ 7. Ne3 Bd6 8. d3 Qg6 9. g3 Bh3 10. Qe2 Ne7 11. Bd2 0-0 12. Nc3 Nf5 13. 0-0-0 Nd4 14. Qe1 Rfe8 15. Ne2 Nf3 0-1